000 00685nam a2200229 i 4500
001 135290
003 ES-MaACL
005 20240126063012.0
007 t|
008 070716s1953 sp ||||1| spa d
080 _a891.7-311.2"18"
100 1 _aTolstói, Lev,
_d1828-1910
_9110489
245 1 0 _aResurrección /
_cLev Nikolaevich Tolstoï ; [versión castellana de José Vidal].
250 _a1ª ed.
260 _aBarcelona :
_bBruguera,
_c1953.
300 _a239 p. ;
_c20 cm.
490 1 _aP. a col. Autores Famosos
700 1 _aVidal, José.
_9114438
830 0 _aP. a col. Autores Famosos
_9219910
852 _aES-MaACL
_jC-7338
_bR.36050
999 _c135290
_d135290